书目信息 |
| 题名: |
小粒子电磁散射与沙尘暴微波遥感
|
|
| 作者: | 李兴财 著 | |
| 分册: | ||
| 出版信息: | 北京 电子工业出版社 2017.04 |
|
| 页数: | 205页 | |
| 开本: | 24cm | |
| 丛书名: | ||
| 单 册: | ||
| 中图分类: | P425.5 | |
| 科图分类: | ||
| 主题词: | 沙尘暴--大气遥感--微波遥感--研究 | |
| 电子资源: | ||
| ISBN: | 978-7-121-30754-6 | |
| 000 | 01165nam0 2200253 450 | |
| 001 | 4326 | |
| 005 | 20181011100916.54 | |
| 010 | @a978-7-121-30754-6@dCNY59.00 | |
| 100 | @a20170802d2017 em y0chiy50 ea | |
| 101 | 0 | @achi |
| 102 | @aCN@b110000 | |
| 105 | @aa z 000yy | |
| 200 | 1 | @a小粒子电磁散射与沙尘暴微波遥感@9xiao li zi dian ci san she yu sha chen bao wei bo yao gan@f李兴财[等]著 |
| 210 | @a北京@c电子工业出版社@d2017.04 | |
| 215 | @a205页@c图@d24cm | |
| 304 | @a著者还有:王敏仲、张北斗、明虎 | |
| 312 | @a封面英文题名:Electromagnetic scattering of small particles and dust storm microwave remote sensing | |
| 330 | @a本书系统介绍了不同结构、表面带电的球体及椭球体颗粒电磁散射性质求解的基本方法,并讨论了沙尘暴对电磁波传播过程的影响,详细给出了不同结构小粒子电磁散射性质求解的等效介质理论推导过程及结果,并讨论了微波段雷达(以风廓线雷达为例)在沙尘暴遥感中的应用。 | |
| 510 | 1 | @aElectromagnetic scattering of small particles and dust storm microwave remote sensing@zeng |
| 606 | 0 | @a沙尘暴@x大气遥感@x微波遥感@x研究 |
| 690 | @aP425.5@v5 | |
| 701 | 0 | @a李兴财@9li xing cai@4著 |
| 801 | 0 | @aCN@b91MARC@c20170802 |
| 905 | @aMuseLib@dP425.5@e120 | |
| 小粒子电磁散射与沙尘暴微波遥感/李兴财[等]著.-北京:电子工业出版社,2017.04 |
| 205页:图;24cm |
| ISBN 978-7-121-30754-6:CNY59.00 |
| 本书系统介绍了不同结构、表面带电的球体及椭球体颗粒电磁散射性质求解的基本方法,并讨论了沙尘暴对电磁波传播过程的影响,详细给出了不同结构小粒子电磁散射性质求解的等效介质理论推导过程及结果,并讨论了微波段雷达(以风廓线雷达为例)在沙尘暴遥感中的应用。 |
| ● |
| 相关链接 |
|
|
|
|
正题名:小粒子电磁散射与沙尘暴微波遥感
索取号:P425.5/120
 
预约/预借
| 序号 | 登录号 | 条形码 | 馆藏地/架位号 | 状态 | 备注 |
| 1 | 1124621 | 211246212 | 第二样本阅览室/ [索取号:P425.5/120] | 在馆 | |
| 2 | 1124622 | 211246221 | 密集书库-物理学院/ [索取号:P425.5/120] | 在馆 | |
| 3 | 1124623 | 211246230 | 第三借阅区/ [索取号:P425.5/120] | 在馆 | |
| 4 | 1124624 | 211246249 | 第三借阅区/ [索取号:P425.5/120] | 在馆 | |
| 5 | 1124625 | 211246258 | 第三借阅区/ [索取号:P425.5/120] | 在馆 |